[Event "Heart of Finland Open"]
[Site "Jyvaskyla FIN"]
[Date "2001.07.21"]
[Round "8"]
[White "Sorsa,M"]
[Black "Nyysti,S"]
[Result "1/2-1/2"]
[WhiteElo "2111"]
[BlackElo "2224"]

1.c4 c5 2.Nc3 Nf6 3.Nf3 d5 4.cxd5 Nxd5 5.e4 Nb4 6.d3 Bg4 7.Be3 Nd7 8.a3 Nc6
9.Be2 g6 10.d4 Bxf3 11.Bxf3 cxd4 12.Bxd4 Nde5 13.Bxe5 Nxe5 14.Be2 Bg7 15.Qa4+ Qd7
16.Bb5 Nc6 17.Rd1 Qe6 18.Nd5 Rc8 19.O-O O-O 20.Bc4 Qe5 21.Nc3 e6 22.Rfe1 Qa5
23.Qb3 Nd4 24.Qa2 Nc2 25.Re2 Nxa3 26.bxa3 Qxc3 27.Rc2 Qe5 28.Bd3 Rcd8 29.Qb1 Rd4
30.Rc4 Rxc4 31.Bxc4 Qc5 32.Qb4 Qxb4 33.axb4 Rc8 34.Bf1 Bf8 35.b5 Rc2 36.Bd3 Rb2
37.Rc1 Rd2 38.Bf1 b6 39.Re1 Rb2 40.f3 Bc5+ 41.Kh1 Kf8 42.g3 Rf2 43.f4 e5
44.fxe5 Bd4 45.Rc1 Bxe5 46.Bc4 f6 47.Re1 Ke7 48.Re2 Rf1+ 49.Kg2 Rc1 50.Bg8 Rc5
51.Ra2 Rxb5 52.Rxa7+ Kd6 53.Rxh7 Rb2+ 54.Kf3 b5 55.Rh6 b4 56.h4 Rc2 57.Rxg6 Rc3+
58.Kg2 b3 59.Bxb3 Rxb3 60.g4 Rg3+ 61.Kf2 Kc5 62.g5 Rg4 63.Kf3 Rg3+ 64.Kf2 Kd4
65.Rxf6 Kxe4 66.Ra6 Rg4 67.h5 Bd4+ 68.Ke2  1/2-1/2

[Event "Czech Open"]
[Site "Pardubice CZE"]
[Date "2001.07.22"]
[Round "3"]
[White "Vokac,M"]
[Black "Gunnarsson,J"]
[Result "1/2-1/2"]
[WhiteElo "2507"]
[BlackElo "2404"]

1.Nf3 Nf6 2.c4 c5 3.Nc3 b6 4.g3 Bb7 5.Bg2 e6 6.O-O Be7 7.Re1 O-O 8.e4 d6
9.d4 cxd4 10.Nxd4 Qc8 11.Be3 a6 12.Rc1 Nbd7 13.b3 Re8 14.g4 Nf8 15.g5 N6d7
16.f4 Bd8 17.Nde2 Bc7 18.Ng3 Qb8 19.Qg4 Bc6 20.Nd5 exd5 21.cxd5 Bb7 22.Nf5 b5
23.Nh6+ gxh6 24.gxh6+ Ng6 25.Qxd7 Re7 26.Qf5 Qf8 27.Qh5 f5 28.Rxc7 Rxc7 29.exf5 Qf6
30.fxg6 hxg6 31.Qg5 Qxg5 32.fxg5 Re8 33.h4 Rce7 34.Kf2 Rf7+ 35.Kg3 Rfe7 36.Kf2 Re5
37.Bd2 Rf5+ 38.Kg1 Rxe1+ 39.Bxe1 Bxd5 40.Bxd5+ Rxd5 41.a4 bxa4 42.bxa4 Re5
43.Kf1 d5 44.a5 Kh7 45.Bf2 Re4 46.Bg3 d4 47.Be1 d3 48.Bc3 Rxh4 49.Ke1 Rh5
50.Bf6 Rh2 51.Kd1 Rf2 52.Be7 Rf5 53.Kd2 Rxa5 54.Kxd3 Re5 55.Bf6 Rc5 56.Be7 Rc8
57.Bb4 Rc6 58.Kd4 Rc2 59.Kd3 Rg2 60.Be7 Rg4 61.Kc3 Kg8 62.Bf6 Rh4 63.Kb3 Kf7
64.Bd8 Ke6 65.Ka3 Kd7 66.Bf6 Kc6 67.Kb3 Kb5 68.Ka3 Rh3+ 69.Ka2 a5 70.Be5 Kc4
71.Kb2 Kd5 72.Bf6 Ke6 73.Bd8 Kf5 74.Ka2 a4 75.Kb2 Ke6 76.Ka2 Kd5 77.Bf6 Kc4
78.Be5 Kb4 79.Bd6+ Kc4 80.Be5 Kd3 81.Bf6 Ke4 82.Be7 Kf5 83.Bd8 Ke6 84.Kb2 Rb3+
85.Ka2 Rf3 86.Bb6 Rd3 87.Bc5 Kd5 88.Bf8 Rh3 89.Be7 Kc4 90.Bd6 Rh5 91.Be7 Kb5
92.Ka3 Rh3+ 93.Ka2 Rh2+ 94.Ka3 Rh3+ 95.Ka2 Kc6 96.Bd8 Kd7 97.Bf6 Ke6 98.Bd8 a3
99.Bb6 Rd3 100.Bc5 Rg3 101.Bd4 Rh3 102.Bc5 Rh5 103.Be3 Kd5 104.Bc1 Kc4 105.Kxa3 Rh3+
106.Kb2 Rg3 107.Ka2 Rh3 108.Bb2 Kd5 109.Bf6 Ke6 110.Bd8 Rf3 111.Kb2 Rf8 112.Bf6 Rxf6
113.gxf6 Kxf6 114.Kc3 g5 115.Kd4 Kg6 116.Ke4 Kxh6 117.Kf3  1/2-1/2

[Event "Czech Open"]
[Site "Pardubice CZE"]
[Date "2001.07.22"]
[Round "3"]
[White "Stefansson,H"]
[Black "Belov,Vl"]
[Result "0-1"]
[WhiteElo "2586"]
[BlackElo "2438"]

1.c4 Nf6 2.Nf3 c5 3.Nc3 e6 4.g3 b6 5.Bg2 Bb7 6.O-O d6 7.Re1 Be7 8.e4 a6 9.d4 cxd4
10.Nxd4 Qc7 11.Be3 Nbd7 12.f4 Rc8 13.Rc1 Qb8 14.b3 O-O 15.g4 Nc5 16.Bf2 h6
17.h4 d5 18.exd5 Qxf4 19.Bf3 Bd6 20.Rc2 Qh2+ 21.Kf1 Qh3+ 22.Bg2 Qxg4 23.Bf3 Qh3+
24.Bg2 Qd3+ 25.Kg1 Qg6 26.Nf3 Nd3 27.h5 Qh7 28.dxe6 Nxe1 29.Nxe1 Bxg2  0-1

[Event "3rd Open"]
[Site "Patras GRE"]
[Date "2001.07.22"]
[Round "5"]
[White "Istratescu,A"]
[Black "Bagaturov,G"]
[Result "1/2-1/2"]
[WhiteElo "2598"]
[BlackElo "2489"]

1.c4 Nf6 2.Nc3 c5 3.Nf3 e6 4.e4 Nc6 5.Be2 d5 6.exd5 exd5 7.d4 Be6 8.cxd5 Nxd5
9.O-O Nxc3 10.bxc3 Be7 11.Be3 cxd4 12.Nxd4 Nxd4 13.Bxd4 O-O 14.Bf3 Bd5 15.Re1 Re8
16.g3 Bxf3 17.Qxf3 b6 18.Rad1 Qc8 19.Re5 Bf8 20.Rxe8 Qxe8 21.Qb7 Qc8 22.Qd5 Qd8
23.Be3 Qxd5 24.Rxd5 Rc8 25.Rd7 Rxc3 26.Rxa7 b5 27.Rb7 b4 28.Bd2 Rc4 29.Rb8  1/2-1/2

[Event "MTO"]
[Site "Biel SUI"]
[Date "2001.07.24"]
[Round "2"]
[White "Gutkin,B"]
[Black "Mikhalevski,V"]
[Result "0-1"]
[WhiteElo "2295"]
[BlackElo "2501"]

1.Nf3 c5 2.c4 Nf6 3.Nc3 d5 4.cxd5 Nxd5 5.g3 Nc6 6.Bg2 Nc7 7.O-O e5 8.d3 Be7
9.Be3 f6 10.Qa4 O-O 11.Rfc1 Bd7 12.Qc4+ Be6 13.Qa4 Nd4 14.Bxd4 exd4 15.Ne4 b6
16.Ned2 a5 17.a3 Ra7 18.Ne1 b5 19.Qd1 a4 20.Ne4 Bb3 21.Nc2 Ra6 22.Qe1 Re8
23.Nd2 Bf7 24.Qd1 Bf8 25.Bf3 f5 26.Qf1 g5 27.e3 g4 28.Bg2 Bh6 29.Rd1 Bb3
30.Nxb3 axb3 31.Ne1 dxe3 32.fxe3 Bxe3+ 33.Kh1 Qd4 34.Qxf5 Rf6  0-1

[Event "Lasker Mem Open"]
[Site "Barlinek CZE"]
[Date "2001.07.25"]
[Round "9"]
[White "Schmidt,Wl"]
[Black "Abbasov,F"]
[Result "1-0"]
[WhiteElo "2438"]
[BlackElo "2426"]

1.Nf3 c5 2.c4 Nf6 3.Nc3 d5 4.cxd5 Nxd5 5.d4 Nxc3 6.bxc3 e6 7.e4 cxd4 8.cxd4 Nc6
9.Bc4 Bb4+ 10.Bd2 Qa5 11.Rb1 Bxd2+ 12.Qxd2 Ke7 13.Bb5 Bd7 14.d5 Qxd2+ 15.Kxd2 Na5
16.Bxd7 Kxd7 17.Ne5+ Ke7 18.d6+ Kf6 19.Rb5 b6 20.f4 h5 21.g4 g6 22.g5+ Kg7
23.Rc1 Rhd8 24.d7 Rab8 25.Rxa5 bxa5 26.Rc7 Rb6 27.Rxa7 Rd6+ 28.Kc3 Rd1 29.h4 Rc1+
30.Kd4 a4 31.Rxa4 Rd1+ 32.Kc5 R8xd7 33.Nxd7 Rxd7 34.Rb4 Rd8 35.a4 Rc8+ 36.Kd6 Ra8
37.Kc7  1-0

[Event "Politiken Cup"]
[Site "Copenhagen DEN"]
[Date "2001.07.25"]
[Round "11"]
[White "Tolstrup,T"]
[Black "Fant,G"]
[Result "0-1"]
[WhiteElo "2108"]
[BlackElo "2043"]

1.Nf3 c5 2.c4 Nf6 3.Nc3 d5 4.cxd5 Nxd5 5.d4 cxd4 6.Qxd4 e6 7.Bg5 f6 8.Nxd5 exd5
9.Bd2 Nc6 10.Qh4 Bf5 11.e3 Qb6 12.Be2 Qxb2 13.O-O g5 14.Qh5+ Bg6 15.Qg4 h5
16.Qa4 Bc2 17.Qb5 Ba3 18.Nd4 Bg6 19.Nxc6 bxc6 20.Qxc6+ Ke7 21.Qc7+ Ke6 22.Rad1 Rhc8
23.Qa5 Bd6 24.Bf3 Rc5 25.Qb4 Qe5 26.g3 g4 27.Bg2 Rb8 28.Qa3 Rc7 29.Qa6 Rb6
30.Qe2 Rc2 31.f4 Qb2 32.e4 dxe4 33.Bxe4 Qd4+ 34.Qe3 Qxe4 35.Rfe1 Bc5 36.Qf2 Bxf2+
37.Kxf2 Rbb2  0-1

[Event "Dutch Open"]
[Site "Dieren NED"]
[Date "2001.07.26"]
[Round "9"]
[White "Krivoshey,S"]
[Black "Ernst,S"]
[Result "1/2-1/2"]
[WhiteElo "2449"]
[BlackElo "2440"]

1.Nf3 Nf6 2.c4 c5 3.Nc3 d5 4.cxd5 Nxd5 5.d4 Nxc3 6.bxc3 g6 7.e4 Bg7 8.Rb1 O-O
9.Be2 cxd4 10.cxd4 Qa5+ 11.Qd2 Qxd2+ 12.Bxd2 b6 13.O-O Bb7 14.d5 Rc8 15.Rfc1 Nd7
16.Bb4 Kf8 17.h4 Ne5 18.Ng5  1/2-1/2

[Event "Telecom Open"]
[Site "Pardubice CZE"]
[Date "2001.07.26"]
[Round "7"]
[White "Kutynec,V"]
[Black "Djubek,B"]
[Result "1-0"]
[WhiteElo "2401"]
[BlackElo "2178"]

1.Nf3 c5 2.c4 Nf6 3.Nc3 d5 4.cxd5 Nxd5 5.g3 e6 6.Bg2 Be7 7.O-O Nc6 8.d4 Nb6
9.dxc5 Bxc5 10.Qxd8+ Kxd8 11.Rd1+ Bd7 12.Ng5 Ke7 13.Nce4 Bd4 14.Nf3 Bf6 15.Nxf6 gxf6
16.b3 Rhd8 17.Ba3+ Ke8 18.Bb2 e5 19.Nd2 Bf5 20.Ne4 Bxe4 21.Bxe4 h6 22.f4 Rxd1+
23.Rxd1 Rd8 24.Rxd8+ Kxd8 25.fxe5 fxe5 26.Bc1 Ke7 27.Bxh6 Ke6 28.Be3 Nd5
29.Bxd5+ Kxd5 30.g4 Ke4 31.Kf2 a6 32.h4 Nd8 33.h5 Ne6 34.h6 Nf8 35.Bc5 Nh7
36.Kg3 Kd5 37.Be3 Ke4 38.Bd2 Nf8 39.Kh4 Nh7 40.Bg5 Kd5 41.Bd8 Ke6 42.Kh5 e4
43.Ba5 Ke5 44.e3 Ke6 45.Bc3 b5 46.Bg7 Ke7 47.g5  1-0

[Event "ch-Paris Open"]
[Site "Paris FRA"]
[Date "2001.07.26"]
[Round "6"]
[White "Shchekachev,A"]
[Black "Abergel,T"]
[Result "1-0"]
[WhiteElo "2546"]
[BlackElo "2272"]

1.Nf3 c5 2.c4 Nf6 3.Nc3 e6 4.g3 b6 5.Bg2 Bb7 6.O-O Be7 7.Re1 d5 8.cxd5 Nxd5
9.e4 Nxc3 10.bxc3 O-O 11.d4 cxd4 12.cxd4 Nc6 13.Bb2 Bf6 14.Rb1 Na5 15.Qd3 Rc8
16.Bc3 Nc4 17.e5 Bxf3 18.Qxf3 Be7 19.Rbd1 b5 20.d5 exd5 21.Rxd5 Qb6 22.Qg4 Na3
23.Bb2 Rc2 24.Bd4 Qe6 25.Qxe6 fxe6 26.Rd7 Bb4 27.Rd1 a5 28.Bh3 Re8 29.f4 Nc4
30.f5 Nd2 31.Bg2 Re7 32.fxe6 Rxe6 33.Be3 Nc4 34.Rd8+  1-0

[Event "Tan Lian Ann cup"]
[Site "Tianjin CHN"]
[Date "2001.07.26"]
[Round "12"]
[White "Chi Fengtong"]
[Black "Petronic,S"]
[Result "1-0"]
[WhiteElo "2275"]
[BlackElo "2279"]

1.c4 Nf6 2.Nc3 c5 3.Nf3 d5 4.cxd5 Nxd5 5.d4 cxd4 6.Qxd4 Nxc3 7.Qxd8+ Kxd8
8.bxc3 Nc6 9.e4 g6 10.Bf4 Bg7 11.O-O-O+ Ke8 12.Bb5 Bg4 13.Rd3 a6 14.Ba4 Rd8
15.Rhd1 Rxd3 16.Rxd3 Rf8 17.Nd4 Bxd4 18.cxd4 b5 19.Bb3 Na5 20.Bd5 e6 21.Bb3 Nxb3+
22.Rxb3 Be2 23.Ra3 b4 24.Ra4 Kd7 25.Rxb4 Rc8+ 26.Kd2 Bf1 27.Rb7+ Ke8 28.Bd6 Bxg2
29.Kd3 f5 30.Re7+ Kd8 31.exf5 gxf5 32.Rxe6 Kd7 33.Rh6 Be4+ 34.Ke3 Rc3+ 35.Kf4 Rf3+
36.Ke5 Rxf2 37.Rxh7+ Kc6 38.d5+ Bxd5 39.Rc7+ Kb6 40.Kxd5 Rd2+ 41.Ke6 Rxa2
42.Kxf5 Rf2+ 43.Ke6 Re2+ 44.Kd7 a5 45.Rc3 a4 46.h4 Kb5 47.h5 Re4 48.Rh3  1-0

[Event "MTO"]
[Site "Biel SUI"]
[Date "2001.07.27"]
[Round "5"]
[White "Kolbus,D"]
[Black "Vuckovic,Bo"]
[Result "0-1"]
[WhiteElo "2310"]
[BlackElo "2497"]

1.Nf3 Nf6 2.c4 c5 3.Nc3 e6 4.g3 b6 5.Bg2 Bb7 6.O-O Be7 7.d4 cxd4 8.Qxd4 d6
9.b3 Nbd7 10.Bb2 a6 11.Rfd1 O-O 12.Ng5 Bxg2 13.Kxg2 Qc7 14.Kg1 Rfd8 15.Nge4 Bf8
16.Nxf6+ Nxf6 17.Rac1 Qb7 18.Ba3 b5 19.cxb5 axb5 20.Bb4 Ra6 21.Qd3 Rb8 22.Rb1 Nd7
23.a3 h6 24.Rdc1 Ne5 25.Qd2 Nc6 26.Nd1 Nxb4 27.axb4 d5 28.Nb2 Ra2 29.Rc2 Rc8
30.Rbc1 Rxc2 31.Rxc2 Ra1+ 32.Kg2 Be7 33.Nd3 d4+ 34.Kh3 Rg1 35.f3 Bg5 36.Nc5 Qd5
37.Qd3 Bf4 38.g4 Rh1 39.Kg2 Rxh2+ 40.Kg1 Qe5 41.Nd7 Be3+ 42.Qxe3 Qg3+ 43.Kf1 Rh1+  0-1

[Event "Open"]
[Site "Novosibirsk RUS"]
[Date "2001.07.27"]
[Round "9"]
[White "Belozerov,A"]
[Black "Shushpanov,R"]
[Result "1/2-1/2"]
[WhiteElo "2507"]
[BlackElo "2436"]

1.Nf3 Nf6 2.c4 c5 3.Nc3 e6 4.g3 b6 5.Bg2 Bb7 6.O-O Be7 7.b3 O-O 8.Bb2 d6
9.e3 a6 10.d3 Ra7 11.Qe2 Nbd7 12.Ne1 Qb8 13.f4 b5 14.e4 b4 15.Nd1 a5 16.g4 a4
17.g5 Ne8 18.Rb1 Qd8 19.h4 axb3 20.axb3 Ra2 21.Ne3 Nb8 22.Nf3 Nc6 23.Ra1 Rxa1
24.Rxa1 Nc7 25.f5 Re8 26.Qf2 Bf8 27.f6 e5 28.fxg7 Bxg7 29.Nf5 Ne6 30.Nh2 f6
31.Ng4 fxg5 32.Nfh6+ Bxh6 33.Nxh6+ Kg7 34.Nf5+ Kg8  1/2-1/2

[Event "Czech Open"]
[Site "Pardubice CZE"]
[Date "2001.07.27"]
[Round "8"]
[White "Vavrak,P"]
[Black "Simacek,P"]
[Result "0-1"]
[WhiteElo "2286"]
[BlackElo "2404"]

1.Nf3 Nf6 2.c4 e6 3.Nc3 c5 4.g3 b6 5.Bg2 Bb7 6.O-O Be7 7.d4 cxd4 8.Qxd4 d6
9.Rd1 a6 10.b3 Nbd7 11.e4 Qb8 12.Ba3 Nc5 13.e5 dxe5 14.Qxe5 Ncd7 15.Qxb8+ Rxb8
16.Bd6 Bxd6 17.Rxd6 Ke7 18.Rad1 Rhc8 19.Ng5 b5 20.Bxb7 Rxb7 21.Rxa6 Nb8 22.Ra8 bxc4
23.Nce4 cxb3 24.axb3 Rc6 25.Nxf6 gxf6 26.Ne4 f5 27.Ng5 h6 28.Nf3 Rxb3 29.Kg2 Rb2
30.Rd2 Rxd2 31.Nxd2 Nd7 32.Nf3 Rc2 33.Ra7 Kd6 34.Ra6+ Rc6 35.Ra7 Rc7 36.Ra4 Nf6
37.Ra2 Ne4 38.Nd2 Kd5 39.Nf3 f6 40.Rb2 e5 41.Nh4 Nd6 42.Ra2 Rc4 43.Rd2+ Rd4
44.Nf3 Rxd2 45.Nxd2 e4 46.Kf1 Ke5 47.Ke2 f4 48.Nb3 f3+ 49.Ke3 Kd5 50.Kd2 Nc4+
51.Ke1 Ne5 52.Na1 Nd3+ 53.Kf1 Nb4 54.Nb3 Nc6 55.Ke1 f5 56.Nd2 Ne5 57.Nb3 Kc4
58.Na5+ Kb4 59.Nb7 Nf7 60.Kd2 Kb5 61.Ke3 Kb6 62.g4 fxg4 63.Kxe4 Kxb7  0-1

[Event "Pre-Continental g/25,10"]
[Site "Sao Paulo BRA"]
[Date "2001.07.29"]
[Round "9"]
[White "Sunye Neto,J"]
[Black "Lima,Da"]
[Result "1/2-1/2"]
[WhiteElo "2558"]
[BlackElo "2543"]

1.c4 Nf6 2.Nc3 c5 3.Nf3 e6 4.e3 Nc6 5.d4 d5 6.a3 Ne4 7.Bd3 Nxc3 8.bxc3 dxc4
9.Bxc4 Be7 10.O-O O-O 11.Qe2  1/2-1/2

[Event "Tan Lian Ann cup"]
[Site "Tianjin CHN"]
[Date "2001.07.29"]
[Round "15"]
[White "Chi Fengtong"]
[Black "Ning Chunhong"]
[Result "0-1"]
[WhiteElo "2275"]
[BlackElo "2341"]

1.c4 c5 2.Nc3 Nf6 3.Nf3 d5 4.cxd5 Nxd5 5.d4 e6 6.e4 Nxc3 7.bxc3 Be7 8.Be2 O-O
9.O-O cxd4 10.cxd4 b6 11.Be3 Bb7 12.Qd3 Nc6 13.Rfd1 Nb4 14.Qb1 Rc8 15.Bd3 Rc3
16.Bf1 Nc2 17.Qb2 Qc8 18.Bd2 Rc7 19.Bf4 Ba3 20.Qb5 Nxa1 21.Bxc7 Qxc7 22.Rxa1 Bxe4
23.Ng5 Bg6 24.h4 Qc3  0-1

[Event "HZ Open"]
[Site "Vlissingen NED"]
[Date "2001.07.29"]
[Round "3"]
[White "Caoili,A"]
[Black "Ernst,S"]
[Result "0-1"]
[WhiteElo "2152"]
[BlackElo "2440"]

1.Nf3 Nf6 2.c4 c5 3.Nc3 d5 4.cxd5 Nxd5 5.d4 Nxc3 6.bxc3 g6 7.e3 Bg7 8.Be2 O-O
9.O-O b6 10.Ba3 Qc7 11.Qb3 Nc6 12.Rac1 Bb7 13.dxc5 Rfc8 14.cxb6 axb6 15.Nd4 Na5
16.Qb4 e5 17.Nb5 Qc6 18.Bf3 e4 19.Be2 Ba6 20.Qb1 Nb7 21.Rfd1 h5 22.c4 Rd8
23.Bb2 Nc5 24.Bxg7 Kxg7 25.Rxd8 Rxd8 26.Nd4 Qc7 27.Qb2 Kg8 28.Qc2 Re8 29.Nb5 Bxb5
30.cxb5 Qe5 31.Bc4 Rd8 32.a4 Ra8 33.Bb3 Kg7 34.Rd1 Ra7 35.h3 Rc7 36.Qa2 Qc3
37.Bd5 Rd7 38.Rd4 Nd3 39.Qb1 Qd2 40.Qf1 f5 41.Bc4 Rxd4 42.exd4 Qc3 43.Bxd3 exd3
44.Qd1 Qc2  0-1

[Event "UPI"]
[Site "Mancha Real ESP"]
[Date "2001.07.30"]
[Round "1"]
[White "Almagro Mazariegos,S"]
[Black "Fernandez Romero,Ern"]
[Result "1/2-1/2"]
[WhiteElo "2296"]
[BlackElo "2343"]

1.Nf3 Nf6 2.c4 c5 3.Nc3 d5 4.cxd5 Nxd5 5.e3 e6 6.Nxd5 Qxd5 7.b3 Be7 8.Bb2 O-O
9.Bc4 Qh5 10.O-O Nd7 11.Rc1 Rd8 12.d4 b6 13.Qe2 Bb7 14.dxc5 Nxc5 15.Rfd1 Bd6
16.Ne5 Qg5 17.f4 Qe7 18.Qg4 g6 19.Qh3 Bxe5 20.Bxe5 Rxd1+ 21.Rxd1 Rd8 22.Qg4 Rd7  1/2-1/2

[Event "Rapidplay"]
[Site "Liepaja LAT"]
[Date "2001.08.03"]
[Round "4"]
[White "Fridman,D"]
[Black "Magem Badals,J"]
[Result "1-0"]
[WhiteElo "2562"]
[BlackElo "2513"]

1.c4 c5 2.Nf3 Nf6 3.Nc3 d5 4.cxd5 Nxd5 5.d4 e6 6.g3 cxd4 7.Nxd5 Qxd5 8.Qxd4 Qxd4
9.Nxd4 a6 10.Bd2 Be7 11.Bg2 Bf6 12.Be3 Nd7 13.O-O Ne5 14.Bd2 Nc4 15.Bc3 Rb8
16.Rfd1 Bd7 17.Rac1 b5 18.b3 Ne5 19.Bb4 g5 20.h3 h5 21.Kf1 h4 22.g4 Be7 23.Bxe7 Kxe7
24.Rc7 Kf6 25.e3 Rhc8 26.Ra7 Be8  1-0

[Event "HZ Open"]
[Site "Vlissingen NED"]
[Date "2001.08.04"]
[Round "9"]
[White "Erwich,Frank"]
[Black "Leenhouts,K"]
[Result "1-0"]
[WhiteElo "2322"]
[BlackElo "2111"]

1.c4 c5 2.Nc3 Nf6 3.Nf3 e6 4.e4 d6 5.d4 cxd4 6.Nxd4 Be7 7.Be2 O-O 8.O-O a6
9.Be3 Nbd7 10.f4 Qc7 11.g4 b6 12.g5 Ne8 13.Rc1 Bb7 14.f5 Nc5 15.Bf3 d5 16.cxd5 exd5
17.Nxd5 Bxd5 18.exd5 Qe5 19.Qd2 Bd6 20.Bh1 Ne4 21.Bxe4 Qxe4 22.Nc6 Nc7 23.Bf4 Nb5
24.Bxd6 Nxd6 25.Rf4 Qe8 26.Re1 Qd7 27.Re7 Qc8 28.Qd3 Re8 29.Qa3 Nb5 30.Qe3 Nc7
31.Qe5  1-0

[Event "Nordic Championships"]
[Site "Bergen NOR"]
[Date "2001.08.05"]
[Round "2"]
[White "Sorensen,H"]
[Black "Olsson,L"]
[Result "0-1"]
[WhiteElo "2245"]
[BlackElo "2196"]

1.c4 Nf6 2.Nc3 c5 3.Nf3 d5 4.cxd5 Nxd5 5.d4 g6 6.Qb3 Nxc3 7.bxc3 Bg7 8.e3 O-O
9.Ba3 cxd4 10.cxd4 Nc6 11.Nd2 Be6 12.Qxb7 Bd5 13.Qa6 Rc8 14.Rc1 Qd7 15.Bb5 Bxg2
16.Rg1 Bd5 17.Nb3 Qe6 18.Nc5 Qh3 19.Rg3 Qxh2 20.Nd7 Rfe8 21.Bxc6 Rxc6 22.Rxc6 Qh1+
23.Ke2 Bxc6 24.Nc5 e5 25.d5 Qxd5 26.e4 Qxa2+ 27.Ke3 Ba8 28.Qxa7 f5 29.exf5 Bh6+
30.Kd3 Rd8+ 31.Kc3 Bd2+  0-1

[Event "Valoz Cup"]
[Site "Olomouc CZE"]
[Date "2001.08.06"]
[Round "7"]
[White "Dambrauskas,V"]
[Black "Simacek,P"]
[Result "1-0"]
[WhiteElo "2319"]
[BlackElo "2404"]

1.Nf3 Nf6 2.c4 c5 3.Nc3 b6 4.g3 Bb7 5.Bg2 e6 6.O-O Be7 7.Re1 d6 8.e4 Nbd7
9.d3 O-O 10.Nd2 Ne5 11.Nf1 Qc7 12.f4 Nc6 13.g4 Rfe8 14.Ne3 Nd4 15.g5 Nd7
16.Ng4 Bf8 17.Ne2 d5 18.Be3 dxe4 19.dxe4 Rad8 20.b3 Nb8 21.Nxd4 cxd4 22.Bd2 Nc6
23.Qf3 d3 24.Rad1 b5 25.cxb5 Nd4 26.Qxd3 Nc2 27.Qe2 Nxe1 28.Rxe1 Qc2 29.Be3 Bxe4
30.Bxa7 Qxe2 31.Rxe2 Bd3 32.Re5 Bd6 33.Bc6 Re7 34.Bc5 f6 35.Bxd6 Rxd6 36.gxf6 Rc7
37.a4 Bc2 38.Re3 h5 39.Nf2 gxf6 40.Ne4 Bxe4 41.Rxe4 Rd2 42.Rc4 Kf8 43.b6 Rg7+
44.Kf1 Ke7 45.b7 Rg8 46.Bf3 Kd7 47.b4 Rxh2 48.b5 Rb2 49.f5 exf5 50.Bd5 Rb1+
51.Kf2 Rb2+ 52.Kf3 Rb3+ 53.Kf4 Rb8 54.Rc8 Rxb7 55.Bxb7 Rb4+ 56.Kxf5 Rxa4
57.Rh8 h4 58.Bc6+ Ke7 59.Kg6 Rg4+ 60.Kf5  1-0

[Event "Strange Badger"]
[Site "Bucharest ROM"]
[Date "2001.08.07"]
[Round "3"]
[White "Tikhomirov,S"]
[Black "Trajkovic,P"]
[Result "1/2-1/2"]
[WhiteElo "2364"]
[BlackElo "2360"]

1.c4 Nf6 2.Nc3 c5 3.Nf3 e6 4.d4 cxd4 5.Nxd4 a6 6.g3 Qc7 7.Qd3 b6 8.Bg2 Bb7
9.Bxb7 Qxb7 10.O-O d6 11.b3 Nbd7 12.Bb2 Be7 13.Qf3 Qxf3 14.Nxf3 O-O 15.Nd4 Rfc8
16.Rac1 Ne5 17.Rfd1 Nc6 18.e3 Nxd4 19.Rxd4 Rc6 20.Rcd1 Ne8 21.R4d2 b5 22.cxb5  1/2-1/2

[Event "Open"]
[Site "Olomouc CZE"]
[Date "2001.08.07"]
[Round "7"]
[White "Chytilek,R"]
[Black "Sikora Lerch,J"]
[Result "1/2-1/2"]
[WhiteElo "2411"]
[BlackElo "2308"]

1.Nf3 Nf6 2.c4 c5 3.Nc3 g6 4.d4 cxd4 5.Nxd4 Nc6 6.e4 d6 7.Be2 Nxd4 8.Qxd4 Bg7
9.Be3 O-O 10.Qd2 Ng4  1/2-1/2

[Event "Slavonija Swiss"]
[Site "Vukovar CRO"]
[Date "2001.08.09"]
[Round "8"]
[White "Kovacevic,B"]
[Black "Brkic,A"]
[Result "0-1"]
[WhiteElo "2443"]
[BlackElo "2331"]

1.c4 Nf6 2.Nc3 c5 3.Nf3 g6 4.d4 cxd4 5.Nxd4 Bg7 6.e4 d6 7.Be2 O-O 8.O-O Nc6
9.Be3 Bd7 10.Qd2 Nxd4 11.Bxd4 Bc6 12.f3 a5 13.Rac1 Nd7 14.Be3 Nc5 15.Rc2 Qd7
16.b3 b6 17.Rb1 Qa7 18.Bf1 f5 19.exf5 Rxf5 20.Re1 Raf8 21.Ne2 Ne6 22.Ng3 Re5
23.Bf2 Rxe1 24.Qxe1 Nd4 25.Rd2 e5 26.Bxd4 exd4 27.Qe6+ Qf7 28.Qxf7+ Kxf7
29.Kf2 d5 30.cxd5 Bxd5 31.Rc2 Rd8 32.Bc4 Bxc4 33.Rxc4 Be5 34.Ne4 d3 35.Rc1 Bd4+
36.Kg3 Be3 37.Rd1 Ke6 38.Nf2 d2 39.Ng4 Bc5 40.h4 h5 41.Nh2 Bd6+ 42.f4 Kf5
43.Kf3 Bxf4 44.Nf1 Re8 45.Kf2 Rc8 46.Ne3+ Bxe3+ 47.Kxe3 Rd8 48.Rxd2 Rxd2
49.Kxd2 Kg4 50.Ke3 Kg3 51.Kd4 Kxh4  0-1

[Event "US Open"]
[Site "Framingham USA"]
[Date "2001.08.10"]
[Round "7"]
[White "Terrie,H"]
[Black "Palatnik,S"]
[Result "0-1"]
[WhiteElo "2157"]
[BlackElo "2489"]

1.c4 c5 2.Nc3 Nf6 3.Nf3 d5 4.cxd5 Nxd5 5.e3 Nxc3 6.bxc3 g6 7.d4 Bg7 8.Bd3 O-O
9.O-O Qc7 10.Qe2 b6 11.Rd1 Nc6 12.Ba3 Na5 13.Rac1 Bb7 14.Nd2 Qc6 15.Be4 Qa4
16.Bxb7 Nxb7 17.Nb1 Rac8 18.c4 cxd4 19.exd4 Rc7 20.Qf3 Rd8 21.c5 Bxd4 22.cxb6 Bxb6
23.Rxd8+ Nxd8 24.Rxc7 Bxc7 25.g3 Nc6 26.Bc5 Qb5  0-1

[Event "Open"]
[Site "Presov SVK"]
[Date "2001.08.12"]
[Round "2"]
[White "Volodin,V"]
[Black "Balenovic,Z"]
[Result "1/2-1/2"]
[WhiteElo "2311"]
[BlackElo "2210"]

1.Nf3 c5 2.c4 Nf6 3.Nc3 b6 4.d4 cxd4 5.Nxd4 Bb7 6.f3 g6 7.e4 d6 8.Be3 Bg7
9.Be2 Nbd7 10.O-O O-O 11.Qd2 Re8 12.Rfd1 Rc8 13.Rac1 Ne5 14.b3 Nc6 15.Bf1 Nd7
16.Nxc6 Bxc6 17.Nd5 Bb7 18.Bg5 Rc6 19.Be3 Rc8 20.Bg5 Rc6 21.b4 Bf8 22.Rc2 Rc8
23.f4 Nb8 24.Qe3 f6 25.Bh4 Nd7 26.Be2 e6 27.Nc3 d5 28.a3 a5 29.Qd2 axb4 30.axb4 Bxb4
31.exd5 exd5 32.Bf3 Nc5 33.Bxd5+ Kf8 34.Bxb7 Qxd2 35.Rdxd2 Nxb7 36.Bxf6 Rxc4
37.Nd5 Bc5+ 38.Kf1 Rxc2 39.Rxc2 Nd6 40.Be5 Nf5 41.g4 Rd8 42.gxf5 Rxd5 43.fxg6 hxg6
44.Ke2 Kf7 45.Rb2 Ke6 46.Rb1 Rd7 47.Rb3 Kf5 48.Rf3 Be7 49.Rb3 Bd8 50.Rd3 Rxd3
51.Kxd3 g5 52.Ke3 g4 53.Kf2 b5 54.Bd6 Bh4+ 55.Kg2 Ke4 56.Kf1 Kf3 57.Kg1 Bf2+
58.Kf1 Be3 59.f5 Bg5 60.Bb4 Ke4 61.Kg2 Kxf5 62.h3 gxh3+ 63.Kxh3 Ke4 64.Kg2 Bh4
65.Kh3 Bf2 66.Kg2 Bd4 67.Kf1 Kd3 68.Be7 Bc3 69.Bd6 Kc4 70.Ke2 Bb4 71.Be5 Bc5
72.Kd2 Kb3 73.Kc1 Ka2 74.Bc3 Kb3 75.Be5  1/2-1/2

[Event "7th Stage Russian Cup"]
[Site "Togliatty RUS"]
[Date "2001.08.12"]
[Round "5"]
[White "Shkliar,A"]
[Black "Chuiko,A"]
[Result "0-1"]
[WhiteElo "2268"]
[BlackElo "2414"]

1.Nf3 Nf6 2.c4 e6 3.Nc3 c5 4.g3 b6 5.Bg2 Bb7 6.O-O Be7 7.Re1 d6 8.e4 Nbd7
9.d4 cxd4 10.Nxd4 Qc7 11.Be3 a6 12.f4 O-O 13.Rc1 Rfe8 14.Bf2 g6 15.e5 dxe5
16.fxe5 Nh5 17.Nd5 exd5 18.cxd5 Qd8 19.e6 Nc5 20.exf7+ Kxf7 21.Ne6 Qb8 22.g4 Nf4
23.Bg3 Bd6 24.Qd4 Rxe6 25.Rxe6 Ncxe6 26.dxe6+ Nxe6 27.Rf1+ Kg8 28.Qf6 Bc5+
29.Bf2 Qd6 30.Bxb7 Rf8 31.Qh4 Rxf2 32.Rxf2 Nf4 33.h3 Nd3 34.Qg5 Qg3+ 35.Bg2 Qxf2+
36.Kh1 Qe1+ 37.Kh2 Bd6+  0-1

[Event "7th Stage Russian Cup"]
[Site "Togliatty RUS"]
[Date "2001.08.12"]
[Round "5"]
[White "Mirovshchikov,S"]
[Black "Arbakov,V"]
[Result "1-0"]
[WhiteElo "2394"]
[BlackElo "2454"]

1.Nf3 Nf6 2.c4 c5 3.Nc3 b6 4.g3 Bb7 5.Bg2 e6 6.O-O d6 7.b3 Nbd7 8.Bb2 Be7
9.d4 cxd4 10.Nxd4 Bxg2 11.Kxg2 Qc7 12.e3 a6 13.f4 O-O 14.Qf3 Rfc8 15.g4 Nc5
16.g5 Nfd7 17.Rad1 Qb7 18.h4 Qxf3+ 19.Kxf3 g6 20.h5 Bf8 21.Rh1 Bg7 22.h6 Bh8
23.Rd2 Re8 24.Nde2 Nb7 25.Rhd1 f5 26.gxf6 Bxf6 27.Ne4 Be7 28.Bg7 Rac8 29.Nd4 Kf7
30.Ne2 b5 31.cxb5 axb5 32.Nd4 b4 33.Nc2 d5 34.Ng5+ Bxg5 35.fxg5 Nd6 36.Nxb4 Nc5
37.Rc2 Nce4 38.Rdc1 Nxg5+ 39.Kg4 Rxc2 40.Rxc2 Nge4 41.Rc7+ Kg8 42.Nc6 Nf5
43.Kf3 Ng5+ 44.Ke2 Nf7 45.a4 Nxg7 46.hxg7 Ra8 47.a5 Kxg7 48.b4 Kf6 49.b5 Ne5
50.a6 Nxc6 51.Rxc6 h5 52.Rc7 Ke5 53.a7 Kd6 54.b6 h4 55.Rc1  1-0

[Event "TCh-Rep. Srpska"]
[Site "Jahorina BIH"]
[Date "2001.08.17"]
[Round "7"]
[White "Mikanovic,M"]
[Black "Stojanovic,Do"]
[Result "0-1"]
[WhiteElo "2256"]
[BlackElo "2301"]

1.c4 c5 2.Nf3 Nf6 3.Nc3 d5 4.cxd5 Nxd5 5.g3 Nc6 6.Bg2 Nb6 7.O-O e5 8.d3 Be7
9.Be3 Be6 10.Rc1 c4 11.Bxb6 axb6 12.dxc4 Qxd1 13.Rfxd1 Bxc4 14.b3 Be6 15.Nb5 O-O
16.Nc7 Rxa2 17.Nxe6 fxe6 18.Rd2 Rfa8 19.Rd7 e4 20.Rxb7 Ra1 21.Rf1 Rxf1+ 22.Kxf1 Ra1+
23.Ne1 Bb4 24.Bxe4 Rxe1+ 25.Kg2 Nd4 26.Rxb6 Rxe2 27.Bf3 Nxf3 28.Rb8+ Bf8
29.Kxf3 Rb2 30.h3 Kf7 31.Rb5 Kf6 32.Ke3 g5 33.f4 h6 34.Kf3 Rh2 35.fxg5+ hxg5
36.Kg4 Bd6 37.Rxg5 Rxh3 38.Rb5 Rxg3+ 39.Kh4 Rd3 40.Kg4 e5 41.Rb7 e4 42.Rb5 Ke6
43.Rb6 Rg3+ 44.Kh4 Rg8 45.Rc6 e3 46.Rc3 e2 47.Re3+ Kf5  0-1

[Event "It"]
[Site "Kladovo YUG"]
[Date "2001.08.17"]
[Round "5"]
[White "Sulypa,A"]
[Black "Rajkovic,Du"]
[Result "1/2-1/2"]
[WhiteElo "2516"]
[BlackElo "2497"]

1.Nf3 Nf6 2.c4 c5 3.Nc3 b6 4.g3 Bb7 5.Bg2 g6 6.O-O Bg7 7.d4 Ne4 8.Nxe4 Bxe4
9.Be3 d6 10.Qd2 O-O 11.Bh6 Nd7  1/2-1/2

[Event "Rubinstein Open"]
[Site "Polanica Zdroj POL"]
[Date "2001.08.17"]
[Round "2"]
[White "Cyborowski,L"]
[Black "Goj,A"]
[Result "1-0"]
[WhiteElo "2509"]
[BlackElo "2280"]

1.c4 c5 2.Nf3 Nf6 3.Nc3 e6 4.g3 b6 5.Bg2 Bb7 6.O-O Be7 7.Re1 d6 8.e4 a6 9.d4 cxd4
10.Nxd4 Qc7 11.Be3 O-O 12.Rc1 Re8 13.f4 Bf8 14.g4 Nfd7 15.g5 Nc6 16.Nf3 Rac8
17.h4 Nc5 18.a3 Nb8 19.Bf2 d5 20.exd5 Qxf4 21.b4 Ncd7 22.Re4 Qc7 23.Qe2 Rcd8
24.g6 exd5 25.gxf7+ Kh8 26.Re6 Qf4 27.Re1 Qxf7 28.Ng5 Qg8 29.Nxd5 Nc6 30.Qf3 Nf6
31.Nxf6  1-0